00413nam a2200145Ia 450000500170000000800410001702000180005808200200007610000240009624500560012025000120017626000400018830000150022865000240024320241223154015.0231217s9999 xx 000 0 und d a9788131725283 a001.642 STA;23 aStallings, William. 0aOperating systems : Internals and design principles a6th ed. c2009bDorling KindersleyaNew Delhi axviii, 822 aOperating,Internals